Вопросы атомной науки и техники. Серия : Техника физического эксперимента: научно-технический сборник

Détails bibliographiques
Collectivité auteur: СССР Государственный комитет по использованию атомной энергии (ГКИАЭ)
Langue:russe
Publié: Москва, 1978-1980, 1982-1988
Sujets:
Format: MixedMaterials Publication en série
KOHA link:https://koha.lib.tpu.ru/cgi-bin/koha/opac-detail.pl?biblionumber=380053

MARC

LEADER 00000nas1a2200000 4500
001 380053
005 20231101062638.0
011 |a 0207-0480 
035 |a (RuTPU)RU\TPU\prd\630 
035 |a BOOK00000630 
090 |a 380053 
100 |a 20011210a k y0rusy50 ca 
101 0 |a rus 
102 |a RU 
110 |a ajaz uu0 
200 1 |a Вопросы атомной науки и техники. Серия : Техника физического эксперимента  |e научно-технический сборник  |f СССР, Государственный комитет по использованию атомной энергии (ГКИАЭ) 
210 |a Москва  |d 1978-1980, 1982-1988 
326 |a 2 номера в год 
610 1 |a атомная наука 
610 1 |a атомная техника 
610 1 |a физические эксперименты 
610 1 |a ядерные реакторы 
675 |a 621.039  |v 3 
712 0 1 |a СССР  |b Государственный комитет по использованию атомной энергии (ГКИАЭ)  |2 stltpush  |3 (RuTPU)RU\TPU\col\16930 
801 0 |a RU  |b 63413507  |c 20011210  |g PSBO 
801 2 |a RU  |b 63413507  |c 20130913  |g PSBO 
942 |c CR